000 01004nmc a2200337 a 4500
003 AR-BaBNM
005 20251128205935.0
008 018019s1993 ||||||||||||||000 | spa||
020 _a950-721-023-7
040 _cAR-BaBNM
245 1 0 _aPoesía y prosa en Jujuy
_bhasta 1993. 2
260 _aSan Salvador de Jujuy
_bUniversidad Nacional de Jujuy
_c1993
300 1 _axi, 301 p.
490 0 _aArte-Ciencia. Jujuy en el presente
500 0 _aContiene referencias biobibliográficas en p. 281
500 0 _aIndices cronológico y alfabético en p. 295
650 4 _aLITERATURA ARGENTINA
650 4 _aANTOLOGIAS
650 4 _aESCRITORES
650 4 _aLITERATURA CONTEMPORANEA
650 4 _aPOESIA
651 4 _aJujuy
653 0 _aNARRATIVA
655 _aLITERATURA
700 1 _aGroppa, Néstor
_ecompilador
700 1 _aTizón, Héctor
_ecompilador
700 1 _aPereira, Miguel Angel
_ecompilador
700 1 _aFidalgo, Andrés
_ecompilador
942 _cBK
998 _cMARTIN
999 _c13400
_d13400